000 01819cam a22004694i 4500
003 PE-LiUPU
005 20250731173336.0
008 150706s2006 xxka r 000 0 spa d
020 _a0567026825
035 _a(Sirsi) i9780567026828
040 _aPE-LiUPU
_bspa
_cPE-LiUPU
_erda
049 _aPRUA
082 0 4 _a220.609
_bB
_221
245 0 1 _aBiblical interpretation in judaism and christianity /
_cEditado por Isaac Kalimi y Peter J. Haas.
264 1 _aNew York, London :
_bT&T Clark,
_c2006.
300 _a265 páginas :
_bilustraciones ;
_c24 centímetros
336 _atext
_2rdacontent
337 _aunmediated
_2rdamedia
338 _avolume
_2rdacarrier
505 0 _aClassical and medieval Jewish biblical interpretation -- Biblical interpretation, Judaism, and Christianity -- Modern biblical study and Jewish interpretation, translation, and theology.
526 _aSEG42
526 _aSEG41
526 _aSEG40
526 _aSEG39
526 _aP94
526 _aP87
526 _aP86
526 _aP85
526 _aP77
526 _aP76
526 _aP35
541 _g104-3776787-4588217;
630 _aBibia
_xCrítica, Interpretación, etc.
700 1 _aHaas, Peter J.,
_eed.
700 1 _aKalimi, Isaac,
_eed.
910 _agl
_bjv
_clch
_d20090804
942 _2ddc
_cBOOK
949 _a220.609 B
_wDEWEY
_c1
_i59773
_lCCODEBUL1
_mBUL
_p104.00
_r0
_sY
_tBOOK
_u2015-7-6
_xTEOLOGIA
_PP85
_0COMPRA
_o.STAFF. Colección Teología
994 _aC0
_bPEPRU
596 _a1
999 _a220.609 B
_wDEWEY
_c49305
_i59773
_d49305
_e2017-4-6
_f2021-11-9
_g5
_lCCODEBUL1
_mBUL
_n1
_p104.00
_q2
_r0
_sY
_tBOOK
_u2015-7-6
_xTEOLOGIA
_PP85
_0COMPRA
_o.CIRCNOTE. Documento de alto precio
_o.STAFF. Colección Teología
980 _81
_gALBERTO SANCHEZ Responsable de Automatización